Liga Mistrzów UEFA - Półfinaliści (2000-2009) - Statystyki

Ogólne statystyki
  • Ten quiz został rozwiązany 66 razy
  • Średni wynik to 15 z 18
Statystyki odpowiedzi
Półfinały Kraj Klub % Poprawnych
5x Hiszpania Barcelona
100%
4 Hiszpania Real Madryt
100%
5 Anglia Chelsea
98%
4x Anglia Manchester United
98%
4 Włochy Milan
98%
2 Niemcy Bayern Monachium
97%
3x Anglia Liverpool
97%
1 Włochy Inter Mediolan
95%
1 Włochy Juventus
95%
2x Anglia Arsenal
92%
1 Portugalia Porto
90%
1 Holandia PSV Eindhoven
90%
2 Hiszpania Valencia
77%
1 Francja Monaco
69%
1 Hiszpania Deportivo La Coruna
65%
1x Hiszpania Villarreal
61%
1 Niemcy Bayer Leverkusen
58%
1 Anglia Leeds United
37%
Nie znaleziono quizów pasujących do podanych kryteriów
Rozkład punktacji
Procent ludzi z każdym wynikiem
Percentyl według liczby udzielonych odpowiedzi
Twoja historia wyników
Nie rozwiązałeś tego quizu